Southville International School and Colleges
Your cart is empty.
  • Cart
  • Lists
    Public lists Eva Luna New books Lux_list list_1
    Your lists Log in to create your own lists
  • Log in to your account
  • Your cookies
  • Search history
Southville International School and Colleges
  • Advanced search
  • Recent comments
  • Most popular
  • Libraries

Log in to your account

Log in with GOOGLE


If you do not have an external account, but do have a local account, you can still log in:

  1. Home
  2. MARC view: Teams that click /
Normal view MARC view ISBD view

Teams that click / (Record no. 14648)

[ view plain ]
MARC details
000 -LEADER
fixed length control field 00608nam a2200205 a 4500
003 - CONTROL NUMBER IDENTIFIER
control field PILC
005 - DATE AND TIME OF LATEST TRANSACTION
control field 20150112093438.0
008 - FIXED-LENGTH DATA ELEMENTS--GENERAL INFORMATION
fixed length control field 100722s19uu xx 00 eng d
020 ## - INTERNATIONAL STANDARD BOOK NUMBER
International Standard Book Number 1591393507
050 ## - LIBRARY OF CONGRESS CALL NUMBER
Classification number HD 66
Item number .R447 2004
082 ## - DEWEY DECIMAL CLASSIFICATION NUMBER
Classification number MnSF 658.4
Item number H26 2004
100 ## - MAIN ENTRY--PERSONAL NAME
Personal name Harvard Business School
9 (RLIN) 15381
245 ## - TITLE STATEMENT
Title Teams that click /
260 ## - PUBLICATION, DISTRIBUTION, ETC. (IMPRINT)
Place of publication, distribution, etc Boston, Massachusetts :
Name of publisher, distributor, etc Harvard Business School Publishing,
Date of publication, distribution, etc 2004.
300 ## - PHYSICAL DESCRIPTION
Extent 165 pages :
Dimensions 19 cm.
440 ## - SERIES STATEMENT/ADDED ENTRY--TITLE
Title The Results-Drivens Manager
9 (RLIN) 17015
650 ## - SUBJECT ADDED ENTRY--TOPICAL TERM
Topical term or geographic name as entry element Teams in the workplace
9 (RLIN) 17016
650 ## - SUBJECT ADDED ENTRY--TOPICAL TERM
Topical term or geographic name as entry element Teamwork
9 (RLIN) 17017
942 ## - ADDED ENTRY ELEMENTS (KOHA)
Source of classification or shelving scheme Library of Congress Classification
Koha item type Books
Holdings
Withdrawn status Lost status Source of classification or shelving scheme Damaged status Home library Current library Shelving location Date acquired Total Checkouts Full call number Barcode Date last seen Copy number Price effective from Koha item type
    Library of Congress Classification   Southville International School Affiliated with Foreign Universities Library Southville International School Affiliated with Foreign Universities Library Southville Foreign University Section 09/07/2013   HD 66 .R447 2004 SFU1062 05/15/2018 1 09/07/2013 Books

Teams that click /

APA

Harvard Business School, . (2004). Teams that click. Boston, Massachusetts: Harvard Business School Publishing.

Chicago

Harvard Business School, . 2004. Teams that click. Boston, Massachusetts: Harvard Business School Publishing.

Harvard

Harvard Business School, . (2004). Teams that click. Boston, Massachusetts: Harvard Business School Publishing.

MLA

Harvard Business School, . Teams that click. Boston, Massachusetts: Harvard Business School Publishing. 2004.

  • Place hold
  • Print
  • Cite
  • Add to your cart (remove)
  • Save record
    BIBTEX Dublin Core MARCXML MARC (non-Unicode/MARC-8) MARC (Unicode/UTF-8) MARC (Unicode/UTF-8, Standard) MODS (XML) RIS
  • More searches
    Search for this title in:
    Other Libraries (WorldCat) Other Databases (Google Scholar) Online Stores (Bookfinder.com) Open Library (openlibrary.org)

Exporting to Dublin Core...

SOUTHVILLE LIBRARY

Southville International School and Colleges Library

1281 Tropical Ave. Cor. Luxembourg St., BF Homes International, Las Pinas City

Tel. No. 8256374 / 252358 Loc. 117/146

Powered by Koha